El Hospital de Santa Cruz, de Toledo / (Record no. 115805)

MARC details
000 -LEADER
campo de control de longitud fija 01013nam a2200241 i 4500
001 - NÚMERO DE CONTROL
campo de control 115805
003 - IDENTIFICADOR DE NÚMERO DE CONTROL
campo de control ES-MaACL
005 - FECHA Y HORA DE LA ÚLTIMA TRANSACCIÓN
campo de control 20230906190549.0
007 - CAMPO FIJO DE DESCRIPCIÓN FÍSICA--INFORMACIÓN GENERAL
campo de control de longitud fija t|
008 - DATOS DE LONGITUD FIJA--INFORMACIÓN GENERAL
campo de control de longitud fija 070517s1952 sp ||||1| spa d
080 ## - NÚMERO DE LA CLASIFICACIÓN DECIMAL UNIVERSAL
Número de la Clasificación Decimal Universal 930.255(460.285 T.)
100 1# - ENTRADA PRINCIPAL--NOMBRE DE PERSONA
Nombre de persona Pastor Gómez, José.
9 (RLIN) 89506
245 13 - MENCIÓN DEL TÍTULO
Título El Hospital de Santa Cruz, de Toledo /
Mención de responsabilidad, etc. por José Pastor Gómez ; Notas sobre el Hospital de Santa Cruz / por Guillermo Téllez.
260 ## - PUBLICACIÓN, DISTRIBUCIÓN, ETC.
Lugar de publicación, distribución, etc. Madrid :
Nombre del editor, distribuidor, etc. [s.n.,
Fecha de publicación, distribución, etc. 1952]
300 ## - DESCRIPCIÓN FÍSICA
Extensión 12 p., [4] p. ;
Dimensiones 27 cm.
500 ## - NOTA GENERAL
Nota general Separata de "Arte Español", Revista de la Sociedad Española de Amigos del Arte, nº correspondiente al 2º cuatrimestre de 1952.
500 ## - NOTA GENERAL
Nota general Precede al tit.: Por la urgente restauración del Hospital de Santa Cruz.
610 27 - PUNTO DE ACCESO ADICIONAL DE MATERIA--NOMBRE DE ENTIDAD CORPORATIVA
Nombre de entidad corporativa o nombre de jurisdicción como elemento de entrada Hospital de Santa Cruz (Toledo)
9 (RLIN) 4601
700 1# - ENTRADA AGREGADA--NOMBRE PERSONAL
Nombre de persona Téllez, Guillermo.
9 (RLIN) 109629
740 0# - ENTRADA AGREGADA--TÍTULO RELACIONADO/ANALÍTICO NO CONTROLADO
Título relacionado o analítico no controlado Notas sobre el Hospital de Santa Cruz.
740 0# - ENTRADA AGREGADA--TÍTULO RELACIONADO/ANALÍTICO NO CONTROLADO
Título relacionado o analítico no controlado Por la urgente restauración del Hospital de Santa Cruz.
852 ## - LOCALIZACIÓN
Ubicación ES-MaACL
Número de control de estantería 2000-F-25
Sublocalización o colección R.42060
Holdings
Estatus retirado Estado de pérdida Estado de daño No para préstamo Colección Biblioteca de origen Biblioteca actual Ubicación en estantería Fecha de adquisición Fuente de adquisición Total de préstamos Signatura topográfica completa Código de barras Visto por última vez Precio de reemplazo Tipo de ítem Koha
        Colección de folletos Biblioteca del Ateneo de Madrid Biblioteca del Ateneo de Madrid Depósito folletos 17/01/2008     2000-F-25 1120764 23/02/2023 23/02/2023 Folleto